| 000 | 004760000a22001930004500 | ||
|---|---|---|---|
| 003 | LK-CoMWRAF | ||
| 005 | 20230908152709.0 | ||
| 008 | 230817t1986 ||||| |||| 00| 0 eng d | ||
| 020 | _a9783302906 | ||
| 040 |
_aLK-CoMWRAF _dLK-CoMWRAF _eLK-CoMWRAF |
||
| 041 | _aeng | ||
| 082 |
_a823 _bKOI |
||
| 100 | _aKoin, Nyengi | ||
| 245 | _aThe Second chance | ||
| 260 |
_aIbadab : _bPaperback publishers Limited, _c1986 |
||
| 300 | _a120p | ||
| 650 | _aShort stories | ||
| 942 | _cBK | ||
| 999 |
_c2305 _d2305 |
||